| 000 | 00289 a2200109 4500 | ||
|---|---|---|---|
| 001 | 79031 | ||
| 090 |
_c39525 _d39525 |
||
| 100 | _aDte of Studies CFT | ||
| 245 |
_aOrganization & Administration For GD (P) & Non GD Courses _hEnglish |
||
| 260 |
_aMasoor _b2006 _cPAF Press Masoor |
||
| 300 | _a143p | ||
| 942 |
_aCAE NUST _cTXT |
||
| 999 |
_c314104 _d314104 |
||